000 01415nam a2200241Ia 4500
003 Ost
005 20260507074906.0
008 260507s9999||||xx |||||||||||||| ||und||
020 _a9960245772
040 _cfsecg
041 _aara
082 _a352.96
100 _aالفضل، مؤيد عبد الحسين
_eمؤلف
245 0 _aتخطيط ومراقبة الإنتاج :
_bمنهج كمي مع حالة دراسية /
_c مؤيد عبد الحسين الفضل
260 _aالرياض:
_bدرا المريخ للنشر والتوزيع,
_c2007
300 _a515 صفحة؛
_bإيضاحات ؛
_c24 سم
504 _aببليوغرافيا: ص.489 ملاحق ص.497
520 _aمفاهيم عامة في تخطيط الإنتاج، أساليب ومقومات تخطيط الإنتاج، تخطيط الإنتاج باستخدام السلاسل الزمنية، اساليب محاسبية في تخطيط الإنتاج، تخطيط الإنتاج على أساس المدخلات، المفاضلة بين المنتجات لإختيار الخليط الأقل باستخدام البرمجة، الخطية ودعم القرارات الإنتاج باستخدام أساليب نظرية القرار، تخطيط ومراقبة جودة الإنتاج
653 _aإدارة الإنتاج
653 _aالتخطيط
653 _aمراقبة الإنتاج
942 _cكتاب
999 _c41700
_d41700